Foreseeability of damages (Record no. 117906)

MARC details
000 -LEADER
fixed length control field 01408cam a2200241 4500
001 - CONTROL NUMBER
control field ABS68082
008 - FIXED-LENGTH DATA ELEMENTS--GENERAL INFORMATION
fixed length control field 040826n2004 000 0 eng u
035 ## - SYSTEM CONTROL NUMBER
System control number (Sirsi) u127174
100 ## - MAIN ENTRY--PERSONAL NAME
Personal name Brewer, G.
245 ## - TITLE STATEMENT
Title Foreseeability of damages
260 ## - PUBLICATION, DISTRIBUTION, ETC.
Date of publication, distribution, etc. 2004
490 ## - SERIES STATEMENT
Series statement Contract Journal
Volume/sequential designation 424(0483) 7 July 2004, 26(1)
520 ## - SUMMARY, ETC.
Summary, etc. Discusses "Hadley v Baxendale" [1854] where H claimed damages for lost profit and other factors when B failed to deliver a new shaft for H's flour mill. B objected saying the damages were too remote and that it could not be liable. Court found B could not be held responsible for losses it could not have reasonably anticipated. Uses "Balfour Beatty Construction (Scotland) Ltd v Scottish Power plc" (HL, 71 BLR 20) as a more recent example of same principle. Concludes case implies that damages that arise naturally from a breach of contract will generally be recoverable. However, damages that do not arise naturally will not be recoverable unless they are shown to be within the contemplation of both parties at the time of making the contract.
590 ## - LOCAL NOTE (RLIN)
Local note ABS
590 ## - LOCAL NOTE (RLIN)
Local note ABS
650 ## - SUBJECT ADDED ENTRY--TOPICAL TERM
Topical term or geographic name entry element HADLEY V BAXENDALE
650 ## - SUBJECT ADDED ENTRY--TOPICAL TERM
Topical term or geographic name entry element FORESEEABLE LOSSES
650 ## - SUBJECT ADDED ENTRY--TOPICAL TERM
Topical term or geographic name entry element DAMAGES
650 ## - SUBJECT ADDED ENTRY--TOPICAL TERM
Topical term or geographic name entry element BALFOUR BEATTY CONSTRUCTION (SCOTLAND) LTD V SCOTTISH POWER PLC
650 ## - SUBJECT ADDED ENTRY--TOPICAL TERM
Topical term or geographic name entry element BREACH OF CONTRACT
690 ## - LOCAL SUBJECT ADDED ENTRY--TOPICAL TERM (OCLC, RLIN)
Topical term or geographic name as entry element BUILDING AND CONSTRUCTION-CONTRACTS-CASE LAW
942 ## - ADDED ENTRY ELEMENTS (KOHA)
Suppress in OPAC 0
Holdings
Withdrawn status Lost status Source of classification or shelving scheme Damaged status Not for loan Home library Current library Shelving location Date acquired Total Checkouts Full call number Barcode Date last seen Copy number Price effective from Koha item type
    Dewey Decimal Classification     London London Journal article 26/08/2004   ABS68082 127174-1001 06/08/2019 1 06/08/2019 Journal article